000 01104nam a22003017a 4500
003 CHAP
005 20220329133300.0
008 971013s1980 r 00010 d
010 _a4266
011 _a5238
035 _a4445
040 _cCHAP
090 _aFolleto 13154
110 _aFondo de Garantía y Fomento para la Agricultura, Ganadería y Avicultura. México
_942107
245 _aInstructivos y catálogos generales de claves para el llenado del resúmen de la evaluación técnica, crédito refaccionario y de la síntesis de datos técnicos créditos de avío
260 _aMéxico, D.F. :
_bEl Fondo,
_c1980
300 _a58 p
500 _aD53-106
590 _aBATCH-UPD
_b10
_c20130110
_lUCH01
_h1845
590 _aBATCH-UPD
_b10
_c20130410
_lUCH01
_h1215
590 _aBATCH-UPD
_b10
_c20130914
_lUCH01
_h1100
590 _aCONVERSION
_b10
_c20130109
_lUCH01
_h1303
650 1 4 _aCrédito agrícola
_zMéxico.
_929089
901 _aBK
942 _cFOLL
949 _aFolleto 13154
_bBC
_cFOLL
_d-13989
_eTS1
_i4445
_mD
_si
949 _aFolleto 13154
_bBC
_cFOLL
_d-80983
_eTS2
_fc.2
_i4445
_mD
_si
999 _c4266
_d4266